000 00602nam a2200229Ia 4500
003 OSt
005 20220923230532.0
006 a|||||r|||| 00| 0
007 ta
008 Pun
024 _a282,976
037 _cTextual
040 _aARTS
_cARTS
_bPun
041 _2Pun
_aPun
082 _aO153,3NKA12x, M4
100 _aਕੌFਲ, ਜਗਦੀF
_9160249
245 0 _aਪਰਛਾਵਿਆਂ ਦੇ ਜੀਅ
260 _c1984
650 _aਪੰਜਾਬੀ ਸਾਹਿਤ
942 _hO153,3NKA12x, M4
_cTEXL
_2CC
999 _c385520
_d385520